000 00853nam a2200265 i 4500
001 C2-0298315
003 PPAK
005 20180728080417.0
008 090601s1994 my a|||| ||||| | may d
022 _a0127-7936
040 _aPPAK
_beng
_cPPAK
_erda
082 0 4 _a338.174
_223
090 0 0 _a338.174
_bMAL
_dKK
110 2 _aMalaysia, Institut Penyelidikan dan Kemajuan Pertanian
245 0 0 _aTeknologi tembakau
264 1 _aKuala Lumpur :
_bUnit Penerbitan ,
_c1994
300 _a45 pages :
_bcolour illustrations ;
_c25 cm
336 _2rdacontent
_atext
337 _2rdamedia
_aunmediated
338 _2rdacarrier
_avolume
500 _aJil. 9 (1993)
650 1 0 _aDevelopment of science and technology ; Fruit - Malaysia - Congresses
710 2 _aMalaysia, Institut Penyelidikan dan Kemajuan Pertanian
_eorganizer
942 _ddc
_cB
999 _c102627
_d102627